01376nam a2200385 a 4500001001000000003000900010005001700019007000300036008004100039020001800080040004200098082002200140100004200162245005600204250002300260264006800283300005000351500004300401520031100444526001000755526001000765526001000775526001000785526000800795526000800803526000800811526000800819526000800827526000800835526000800843650003600851650003600887650002600923700004100949001437768PE-LiUPU20250731173604.0ta180425s2017 ag a gr 001 0 spa  a9789877016925 aAR-BaBNbspacPE-LiUPUerdadPE-LiUPU 223a242.62bR696p aRodríguez Carrillo, Miriam,eautor.10aPequeñas sonrisas /cMiriam Rodríguez Carrillo. aPrimera edición. aFlorida Oeste :bAsociación Casa Editora Sudamericana,c2017. a186 páginas :bilustraciones ;c17 x 21 cm. aIlustración: Enrique Torres Zintzun. a(Las lecturas devocionales de este libro permitirán, a los más pequeños del hogar, jugar y aprender las grandes verdades que Dios quiere compartir con nosotros mediante su palabra, la Santa Biblia. Cada día podrán cultivar, en familia, una relación feliz e incomparable con el Padre celestial.) aSEG42 aSEG41 aSEG40 aSEG39 aP94 aP87 aP86 aP85 aP77 aP76 aP3510aLiteratura devocional infantil.24aNiñosxLiteratura devocional.24aEducación cristiana1 aTorres Zintzun, Enriqueeilustrador.